Survivor: David vs. Goliath Contestants (Final Placements) - Statistics

General Stats
  • This quiz has been taken 345 times
  • The average score is 17 of 20
Answer Stats
Hint Answer % Correct
Winner Nick Wilson
96%
Runner-Up Mike White
93%
2nd Runner-Up Angelina Keeley
92%
7th Christian Hubicki
91%
6th Davie Rickenbacker
90%
20th Pat Cusack
90%
8th Gabriela "Gabby" Pascuzzi
88%
4th Kara Kay
88%
12th John Hennigan
86%
10th Alec Merlino
85%
11th Daniel "Dan" Rengering
85%
5th Alison Raybould
84%
9th Carl Boudreaux
84%
15th Natalie Cole
83%
14th Lyrsa Torres
77%
13th Elizabeth Olson
76%
19th Jessica Peet
76%
16th Natalia Azoqa
75%
18th Jeremy Crawford
73%
17th Bi Nguyen
69%
No matching quizzes found
Score Distribution
Percent of People with Each Score
Percentile by Number Answered
Your Score History
You have not taken this quiz